Weezer - Pinkerton Songs - Statistics

General Stats
  • This quiz has been taken 150 times
  • The average score is 8 of 10
Answer Stats
Listens Song % Correct
41,566,553 Pink Triangle
93%
19,380,881 Tired Of Sex
86%
9,612,167 Butterfly
85%
42,987,354 El Scorcho
84%
33,010,849 The Good Life
84%
14,640,943 Across The Sea
80%
14,296,667 Falling For You
80%
10,470,631 Getchoo
76%
10,644,875 No Other One
75%
19,311,032 Why Bother?
73%
No matching quizzes found
Score Distribution
Percent of People with Each Score
Percentile by Number Answered
Your Score History
You have not taken this quiz